000 01644cam a22003858i 4500
001 23192610
003 URS
005 20250206171824.0
008 230620s2023 nyu b 001 0 eng
010 _a 2023028715
020 _a9781009338660
_q(hardback)
020 _a9781009338653
_q(paperback)
020 _z9781009338615
_q(epub)
040 _aICU/DLC
_beng
_erda
_cDLC
_dDLC
042 _apcc
050 0 0 _aP53
_b.P4443 2023
082 0 0 _a417/.7
_223/eng/20230816
100 1 _aPereltsvaig, Asya,
_d1972-
_eauthor.
245 1 0 _aLanguages of the world :
_ban introduction /
_cAsya Pereltsvaig.
250 _aFourth edition.
263 _a2312
264 1 _aNew York :
_bCambridge University Press,
_c2023.
300 _apages cm
336 _atext
_btxt
_2rdacontent
337 _aunmediated
_bn
_2rdamedia
338 _avolume
_bnc
_2rdacarrier
504 _aIncludes bibliographical references and index.
520 _a"Designed for students with no prior experience in linguistics, this is an engaging guide to the rich variety and typology of world languages. This fourth edition has been revised with new problem sets, an updated glossary and index, and new sections, including one on the languages of the Caribbean"--
_cProvided by publisher.
650 0 _aLanguage and languages
_xStudy and teaching.
650 0 _aMultilingualism.
776 0 8 _iOnline version:
_aPereltsvaig, Asya, 1972-
_tLanguages of the world
_bFourth edition.
_dNew York : Cambridge University Press, 2023
_z9781009338615
_w(DLC) 2023028716
906 _a7
_bcbc
_corignew
_d1
_eecip
_f20
_gy-gencatlg
942 _2ddc
_cFR
_e4th
999 _c82030
_d82029